Diccionario normativo y guía práctica de la lengua española

Zapisane w:
Opis bibliograficzny
1. autor: Marsá, Francisco (autor)
Format: Książka
Język:hiszpański
Wydane: Barcelona Ariel 1986
Seria:Ariel Linguística
Hasła przedmiotowe:
Etykiety: Dodaj etykietę
Nie ma etykietki, Dołącz pierwszą etykiete!

MARC

LEADER 00000nam a2200000 a 4500
001 UCX2357
003 CL-VaPUC
008 910506e19860000SP |||||||||||||||||spa|d
082 0 4 |a 461.03  |b MAR  |2 21 
100 |a Marsá, Francisco  |e autor  |9 318263 
245 1 0 |a Diccionario normativo y guía práctica de la lengua española 
300 |a 477 p 
942 |c BK 
945 |d 19910506 00:00:00 
260 |a Barcelona  |b Ariel  |c 1986 
650 0 |a Diccionario Español   |9 255650 
650 0 |a Español gramática  |9 264564 
650 7 |a ESPAÑOL - ORTOGRAFIA  |2 CL-VaPUC  |9 309139 
583 |a last modification  |c 19910506 00:00:00  |k Rodrigo Vera 
490 0 |a Ariel Linguística 
999 |c 223395  |d 223393 
952 |0 0  |1 0  |4 0  |6 461_030000000000000_MAR_1986  |7 0  |8 A  |9 219154  |a FDOPOS  |b FDOPOS  |d 2019-11-15  |i 2879166  |o 461.03 MAR 1986  |p 2879166  |r 2025-01-22  |w 2019-11-15  |y BK  |k MLA 
952 |0 0  |1 0  |4 0  |6 461_030000000000000_MAR_1986  |7 0  |8 A  |9 219155  |a FDOPOS  |b FDOPOS  |d 2019-11-15  |i 3653730  |o 461.03 MAR 1986  |p 3653730  |r 2025-01-22  |w 2019-11-15  |y BK  |k MLA